Polacy grający kiedykolwiek w lidze szkockiej. - Statystyki

Ogólne statystyki
  • Ten quiz został rozwiązany 49 razy
  • Średni wynik to 4 z 21
Statystyki odpowiedzi
Klub Pozycja Odpowiedź % Poprawnych
Celtic Bramkarz Boruc
100%
Celtic Środkowy napastnik Żurawski
85%
Dundee United i Celtic Bramkarz Załuska
64%
Celtic Środkowy napastnik Klimala
38%
Celtic Środkowy napastnik Brożek
30%
Dundee United Bramkarz Cierzniak
17%
Hibernian i Inverness Bramkarz Małkowski
17%
Livingston Bramkarz Stryjek
17%
Dundee United Środkowy obrońca Fojut
15%
Hearts Środkowy obrońca Augustyn
11%
Hearts Defensywny pomocnik Mrowiec
11%
Hearts Środkowy obrońca Nowak
11%
Dundee United i Hibernian Bramkarz Szamotulski
11%
Hearts Lewy obrońca Grzelak
9%
Hibernian Bramkarz Dąbrowski
2%
Gretna i Motherwell Bramkarz Krysiak
2%
Hearts Środkowy obrońca Kucharski
2%
Hearts Środkowy napastnik Klimek
0%
Motherwell Bramkarz Kosiorowski
0%
Dundee United Bramkarz Szromnik
0%
Dunfermline Środkowy napastnik Tarachulski
0%
Nie znaleziono quizów pasujących do podanych kryteriów
Rozkład punktacji
Procent ludzi z każdym wynikiem
Percentyl według liczby udzielonych odpowiedzi
Twoja historia wyników
Nie rozwiązałeś tego quizu